000 00749nam a2200253 a 4500
008
020 _a9781138807617 (hardback)
040 _aNUST
_cNUST
049 _aMAIN
090 _aHC79.T4
_bBIR
100 1 _aBirch, Kean
245 1 0 _aInnovation, Regional Develooment and Life Sciences /
_cBirch Kean
260 _aNew York :
_bRoutledge,
_c2017
300 _axx, 147 pages ;
_c24 cm
336 _atext
_btxt
_2rdacontent
337 _aunmediated
_bn
_2rdamedia
338 _avolume
_bnc
_2rdacarrier
650 _aRegional Imperative
650 1 _aInnovation Geographies
907 _a.b1040353x
_b10-06-21
_c03-06-21
003
005 20230123141201.0
942 _cBOOKS
_kHC79.T4
_mBIR
999 _c169102
_d169102